Know it all, find it fast

সংরক্ষণ করুন:
গ্রন্থ-পঞ্জীর বিবরন
প্রধান লেখক: Duckett, Bob
বিন্যাস: গ্রন্থ
ভাষা:Undetermined
প্রকাশিত: London Facet 2004
বিষয়গুলি:
ট্যাগগুলো: ট্যাগ যুক্ত করুন
কোনো ট্যাগ নেই, প্রথমজন হিসাবে ট্যাগ করুন!
Thư viện lưu trữ: Trung tâm Học liệu Trường Đại học Cần Thơ
LEADER 00504nam a2200181Ia 4500
001 CTU_103025
008 210402s9999 xx 000 0 und d
082 |a 025.52 
082 |b D835 
100 |a Duckett, Bob 
245 0 |a Know it all, find it fast 
245 0 |c Bob Duckett, Peter Walker, Christinea Donnelly 
260 |a London 
260 |b Facet 
260 |c 2004 
650 |a Library services,Information services 
904 |i Minh 
980 |a Trung tâm Học liệu Trường Đại học Cần Thơ